2020 Year End WTA Top 100 - Statistics

General Stats
  • This quiz has been taken 92 times
  • The average score is 63 of 100
Answer Stats
Rank Country Answer % Correct
10 Belarus Aryna Sabalenka
100%
3 Japan Naomi Osaka
100%
11 USA Serena Williams
100%
1 Australia Ashleigh Barty
96%
12 Switzerland Belinda Bencic
96%
5 Ukraine Elina Svitolina
96%
2 Romania Simona Halep
96%
78 USA Venus Williams
96%
17 Poland Iga Świątek
92%
44 Latvia Jeļena Ostapenko
92%
16 USA Madison Keys
92%
22 Greece Maria Sakkari
92%
31 Tunisia Ons Jabeur
92%
25 Germany Angelique Kerber
88%
7 Canada Bianca Andreescu
88%
13 Belarus Victoria Azarenka
88%
43 France Caroline Garcia
83%
19 Kazakhstan Elena Rybakina
83%
20 Belgium Elise Mertens
83%
15 Spain Garbiñe Muguruza
83%
14 Great Britain Johanna Konta
83%
6 Czech Republic Karolína Plíšková
83%
69 Czech Republic Kristýna Plíšková
83%
8 Czech Republic Petra Kvitová
83%
97 USA Ann Li
79%
48 USA Coco Gauff
79%
62 USA Jessica Pegula
79%
88 Canada Leylah Fernandez
79%
39 USA Sloane Stephens
79%
23 Estonia Anett Kontaveit
75%
71 Russia Daria Kasatkina
75%
32 Croatia Donna Vekić
75%
70 Spain Paula Badosa
75%
4 USA Sofia Kenin
75%
38 Russia Anastasia Pavlyuchenkova
71%
65 Czech Republic Barbora Krejčíková
71%
33 Russia Ekaterina Alexandrova
71%
27 Czech Republic Karolina Muchová
71%
64 Czech Republic Kateřina Siniaková
71%
9 Netherlands Kiki Bertens
71%
18 Croatia Petra Martić
71%
34 China Qiang Wang
71%
41 China Saisai Zheng
71%
35 China Shuai Zhang
71%
94 China Yafan Wang
71%
45 USA Danielle Collins
67%
40 Poland Magda Linette
67%
21 Czech Republic Markéta Vondroušová
67%
46 Russia Veronika Kudermetova
67%
30 USA Amanda Anisimova
63%
73 Netherlands Arantxa Rus
63%
59 Great Britain Heather Watson
63%
95 Italy Jasmine Paolini
63%
98 Ukraine Marta Kostyuk
63%
47 Argentina Nadia Podoroska
63%
86 Romania Sorana Cirstea
63%
67 Taiwan Su-Wei Hsieh
63%
28 Kazakhstan Yulia Putintseva
63%
77 Montenegro Danka Kovinić
58%
66 Spain Sara Sorribes Tormo
58%
68 Australia Ajla Tomljanovic
54%
75 Italy Camila Giorgi
54%
76 Romania Irina-Camelia Begu
54%
49 France Kristina Mladenovic
54%
50 Germany Laura Siegemund
54%
84 Italy Martina Trevisan
54%
72 Japan Nao Hibino
54%
55 Sweden Rebecca Peterson
54%
63 Belgium Alison van Uytvanck
50%
53 France Alizé Cornet
50%
54 Latvia Anastasija Sevastova
50%
24 USA Jennifer Brady
50%
52 Slovenia Polona Hercog
50%
90 Belarus Aliaksandra Sasnovich
46%
92 Romania Ana Bogdan
46%
100 Russia Anastasia Potapova
46%
29 Ukraine Dayana Yastremska
46%
51 Czech Republic Marie Bouzková
46%
82 Japan Misaki Doi
46%
89 USA Taylor Townsend
46%
83 Spain Carla Suárez Navarro
42%
87 Slovenia Tamara Zidanšek
42%
79 Kazakhstan Zarina Diyas
42%
37 Russia Barbora Strycova
38%
57 Switzerland Jil Teichmann
38%
58 USA Shelby Rogers
38%
61 USA Bernarda Pera
33%
80 USA Christina McHale
33%
74 USA Lauren Davis
33%
81 USA Madison Brengle
33%
36 Russia Svetlana Kuznetsova
33%
96 Slovakia Viktoria Kuzmova
33%
42 France Fiona Ferro
29%
85 Belgium Kirsten Flipkens
29%
26 USA Alison Riske
25%
60 Russia Anna Blinkova
25%
91 China Lin Zhu
25%
99 Serbia Nina Stojanović
25%
56 Romania Patricia Maria Țig
25%
93 Russia Varvara Gracheva
25%
No matching quizzes found
Score Distribution
Percent of People with Each Score
Percentile by Number Answered
Your Score History
You have not taken this quiz